[Event "Valasska Bystrice op 13th"]
[Site "Valasska Bystrice"]
[Date "2022.09.14"]
[Round "6"]
[White "Kolibik, Jan"]
[Black "Krivohlavek, Josef"]
[Result "1-0"]
[WhiteElo "1528"]
[BlackElo "1389"]
[PlyCount "79"]
[EventDate "2022.09.10"]
[EventType "swiss"]
[EventRounds "9"]
[EventCountry "CZE"]
[SourceTitle "CBM 210 Extra"]
[Source "ChessBase"]
[SourceDate "2022.11.30"]
[SourceVersion "1"]
[SourceVersionDate "2022.11.30"]
[SourceQuality "1"]

1. c4 Nf6 2. Nf3 d5 3. cxd5 Nxd5 4. g3 c6 5. Bg2 Nf6 6. Nc3 Na6 7. a3 Nc7 8. b4 g6 9. Bb2 Bg7 10. Ne4 e6 11. Nxf6+ Bxf6 12. Qc2 Bxb2 13. Qxb2 0-0 14. 0-0 Nd5 15. d3 Qf6 16. d4 Nb6 17. Qc2 Rd8 18. e3 Nd7 19. Qc3 Qe7 20. Rfd1 Nb6 21. Qc5 Qc7 22. Qc2 Bd7 23. Ne5 Be8 24. Ng4 Qe7 25. Rac1 Rac8 26. Qb3 c5 27. dxc5 Ba4 28. Rxd8+ Rxd8 29. Qb2 Rd1+ 30. Rxd1 Bxd1 31. Nf6+ Kf8 32. Nxh7+ Ke8 33. Nf6+ Kf8 34. cxb6 a6 35. Ne4 e5 36. Nc5 Qd6 37. Nxb7 Qxb6 38. Qxe5 Bb3 39. Qd6+ Qxd6 40. Nxd6 1-0

[Event "Valasska Bystrice op 13th"]
[Site "Valasska Bystrice"]
[Date "2022.09.11"]
[Round "2"]
[White "Krivohlavek, Josef"]
[Black "Bartosek, Ivan"]
[Result "0-1"]
[WhiteElo "1389"]
[BlackElo "1666"]
[PlyCount "146"]
[EventDate "2022.09.10"]
[EventType "swiss"]
[EventRounds "9"]
[EventCountry "CZE"]
[SourceTitle "CBM 210 Extra"]
[Source "ChessBase"]
[SourceDate "2022.11.30"]
[SourceVersion "1"]
[SourceVersionDate "2022.11.30"]
[SourceQuality "1"]

1. d4 e6 2. c4 d5 3. Nc3 Bb4 4. e3 c6 5. Nf3 Nf6 6. Bd3 Ne4 7. Qc2 f5 8. 0-0 0-0 9. a3 Bd6 10. c5 Bc7 11. b4 Nd7 12. Bb2 Qf6 13. Nd2 Qh6 14. f4 Ndf6 15. Rf3 Ng4 16. Rh3 Qf6 17. Ndxe4 dxe4 18. Bc4 Bd7 19. Ne2 Qe7 20. Qb3 Rf6 21. Ng3 Raf8 22. Nf1 Rh6 23. Rxh6 Nxh6 24. h3 Rf6 25. Be2 Rf7 26. b5 g5 27. b6 axb6 28. cxb6 Bd6 29. Bh5 Rf8 30. Qc3 Qg7 31. Qd2 Be7 32. Rb1 Bf6 33. Nh2 gxf4 34. exf4 Be8 35. Bxe8 Rxe8 36. Kh1 Rd8 37. Rd1 c5 38. Nf1 cxd4 39. Qb4 e3 40. Nxe3 Qg3 41. Bxd4 Qxf4 42. Bxf6 Rxd1+ 43. Nxd1 Qf1+ 44. Kh2 Qxd1 45. Qf4 Qh5 46. Qd2 Ng4+ 47. Kg1 Nxf6 48. Qd8+ Ne8 49. Qd7 Qf7 50. Qc8 Kg7 51. a4 Nd6 52. Qc3+ Kf8 53. a5 Qg7 54. Qd3 Qa1+ 55. Kh2 Qe5+ 56. Kg1 Qc5+ 57. Kh2 e5 58. h4 Qd4 59. Qg3 Nc4 60. Qg5 Qd7 61. Qf6+ Qf7 62. Qd8+ Kg7 63. Qg5+ Qg6 64. Qe7+ Kh6 65. Qc5 Qf7 66. Qc7 Qxc7 67. bxc7 Nd6 68. g4 Kg6 69. Kg2 Kf6 70. Kf3 fxg4+ 71. Kxg4 Ke7 72. h5 Kd7 73. Kg5 Kxc7 0-1

[Event "Valasska Bystrice op 13th"]
[Site "Valasska Bystrice"]
[Date "2022.09.10"]
[Round "1"]
[White "Molnar, Jiri"]
[Black "Krivohlavek, Josef"]
[Result "1-0"]
[WhiteElo "1844"]
[BlackElo "1389"]
[PlyCount "50"]
[EventDate "2022.09.10"]
[EventType "swiss"]
[EventRounds "9"]
[EventCountry "CZE"]
[SourceTitle "CBM 210 Extra"]
[Source "ChessBase"]
[SourceDate "2022.11.30"]
[SourceVersion "1"]
[SourceVersionDate "2022.11.30"]
[SourceQuality "1"]

1. d4 Nf6 2. c4 g6 3. Nc3 Bg7 4. e4 d6 5. f4 0-0 6. Nf3 c6 7. Be2 Nbd7 8. 0-0 Ne8 9. e5 e6 10. Ne4 d5 11. cxd5 cxd5 12. Neg5 Nb6 13. b3 Nc7 14. Ba3 Re8 15. Re1 Bd7 16. Bc5 f6 17. exf6 Bxf6 18. Qc2 Rc8 19. Bd3 Kg7 20. Bxg6 Rh8 21. Bxh7 Qe8 22. Bd3 Qh5 23. Qf2 Bxg5 24. Qg3 Kf6 25. fxg5+ Kg7 1-0

[Event "Ostrava Seniors op"]
[Site "Ostrava"]
[Date "2014.04.28"]
[Round "3"]
[White "Krivohlavek, Josef"]
[Black "Kosar, Mikulas1111"]
[Result "0-1"]
[WhiteElo "1500"]
[BlackElo "1731"]
[PlyCount "120"]
[EventDate "2014.04.26"]
[EventType "swiss"]
[EventRounds "9"]
[EventCountry "CZE"]
[SourceTitle "CBM 160 Extra"]
[Source "ChessBase"]
[SourceDate "2014.07.01"]
[SourceVersion "1"]
[SourceVersionDate "2014.07.01"]
[SourceQuality "1"]

1. d4 d5 2. c4 Nf6 3. Nf3 e6 4. Nc3 Be7 5. e3 Bd7 6. Bd3 0-0 7. 0-0 c5 8. cxd5 cxd4 9. Nxd4 exd5 10. Qb3 Bc8 11. Rd1 Nc6 12. Nf3 Rb8 13. a3 Be6 14. Qc2 Qc7 15. Nb5 Qd7 16. Bd2 a6 17. Nbd4 Bg4 18. Bc3 Nxd4 19. Bxd4 Bxf3 20. Bf5 Be4 21. Bxd7 Bxc2 22. Rdc1 Nxd7 23. Rxc2 Rbc8 24. Rac1 Rxc2 25. Rxc2 Bd6 26. f4 f6 27. h4 Nb8 28. Rd2 Nc6 29. Bc3 Ne7 30. g3 Re8 31. Rd3 Bc5 32. Kg2 Rd8 33. Kf3 Kf7 34. g4 Nc6 35. b4 Bb6 36. g5 fxg5 37. hxg5 g6 38. Bf6 Rd7 39. e4 d4 40. e5 Bd8 41. Bh8 Be7 42. Rd1 Rd8 43. Bf6 Bxf6 44. exf6 d3 45. Ke3 d2 46. Rxd2 Rxd2 47. Kxd2 Nd4 48. Kd3 Nf5 49. Kc4 h6 50. gxh6 Nxh6 51. Kc5 Nf5 52. Kb6 Nd6 53. Kc7 Nc4 54. Kxb7 Nxa3 55. Kxa6 Kxf6 56. b5 Nxb5 57. Kxb5 Kf5 58. Kc4 Kxf4 59. Kd3 Kf3 60. Kd2 Kf2 0-1

[Event "Karvina op"]
[Site "Karvina"]
[Date "2012.07.05"]
[Round "6"]
[White "Krivohlavek, Josef"]
[Black "Folwarczny, Marek"]
[Result "0-1"]
[WhiteElo "1491"]
[BlackElo "1712"]
[PlyCount "74"]
[EventDate "2012.06.30"]
[EventType "swiss"]
[EventRounds "9"]
[EventCountry "CZE"]
[SourceTitle "EXT 2014"]
[Source "ChessBase"]
[SourceDate "2013.11.20"]
[SourceVersion "1"]
[SourceVersionDate "2013.11.20"]
[SourceQuality "1"]

1. d4 d5 2. c4 e6 3. Nc3 Nf6 4. Nf3 c6 5. Bg5 Be7 6. e3 0-0 7. Bd3 Nbd7 8. 0-0 h6 9. Bh4 dxc4 10. Bxc4 Nd5 11. Bxe7 Nxe7 12. Rc1 b6 13. Ne4 Qc7 14. Nfd2 Bb7 15. f3 Rad8 16. Qe2 Nf5 17. Bb3 Nb8 18. Qf2 Na6 19. a3 Qe7 20. Ng3 Nd6 21. Qe2 Nc7 22. Rfe1 e5 23. dxe5 Qxe5 24. e4 Qxb2 25. a4 Ba6 26. Qe3 c5 27. e5 Nf5 28. Nxf5 Rxd2 29. Nh4 Rd3 30. Bxf7+ Rxf7 31. Qe4 Rd4 32. Qg6 Rxh4 33. e6 Re7 34. Rb1 Qc3 35. h3 Bd3 36. Rbc1 Qxe1+ 37. Rxe1 Bxg6 0-1

[Event "Karvina op"]
[Site "Karvina"]
[Date "2012.07.04"]
[Round "5"]
[White "Nisztuk, Michal"]
[Black "Krivohlavek, Josef"]
[Result "1-0"]
[WhiteElo "1808"]
[BlackElo "1491"]
[PlyCount "57"]
[EventDate "2012.06.30"]
[EventType "swiss"]
[EventRounds "9"]
[EventCountry "CZE"]
[SourceTitle "EXT 2014"]
[Source "ChessBase"]
[SourceDate "2013.11.20"]
[SourceVersion "1"]
[SourceVersionDate "2013.11.20"]
[SourceQuality "1"]

1. e4 e6 2. d4 d5 3. Nc3 Bb4 4. Qg4 Bxc3+ 5. bxc3 Nf6 6. Qxg7 Rg8 7. Qh6 Rg6 8. Qh4 Rg4 9. Qh6 Rg6 10. Qe3 Ng4 11. Qf3 Qe7 12. h3 dxe4 13. Qxe4 Nf6 14. Qh4 e5 15. d5 Bf5 16. Bb5+ c6 17. dxc6 Nxc6 18. Nf3 a6 19. Ba4 Rxg2 20. Bg5 Qc5 21. Bxf6 Qxc3+ 22. Ke2 b5 23. Bb3 Na5 24. Bxe5 Qc5 25. Bg3 Nxb3 26. cxb3 Qc6 27. Nd4 Qg6 28. Rhe1 Bd3+ 29. Kf3+ 1-0

[Event "Karvina op"]
[Site "Karvina"]
[Date "2012.07.01"]
[Round "2"]
[White "Olszewski, Jerzy"]
[Black "Krivohlavek, Josef"]
[Result "1-0"]
[WhiteElo "1835"]
[BlackElo "1491"]
[PlyCount "93"]
[EventDate "2012.06.30"]
[EventType "swiss"]
[EventRounds "9"]
[EventCountry "CZE"]
[SourceTitle "EXT 2014"]
[Source "ChessBase"]
[SourceDate "2013.11.20"]
[SourceVersion "1"]
[SourceVersionDate "2013.11.20"]
[SourceQuality "1"]

1. e4 e6 2. g3 b6 3. Bg2 Bb7 4. Ne2 c5 5. d3 Qc7 6. 0-0 Ne7 7. Nbc3 Ng6 8. Nf4 Nxf4 9. Bxf4 Qc8 10. Nb5 d6 11. Bxd6 Na6 12. Bxf8 Kxf8 13. Nd6 Qc7 14. Nxb7 Qxb7 15. e5 Qc8 16. Bxa8 Qxa8 17. a3 g6 18. Qe2 Nc7 19. Qe4 Qb8 20. c4 Kg7 21. f4 Rd8 22. Rf3 Rd4 23. Qe3 Qd8 24. b4 Qb8 25. Rb1 Qa8 26. bxc5 bxc5 27. Rf2 Qd8 28. Rb3 a5 29. Rfb2 a4 30. Rc3 Qa8 31. Qf2 Qa5 32. Qc2 Qa8 33. Rb1 h6 34. Qe2 Qa5 35. Rc2 h5 36. Qf3 Ne8 37. Kf2 Nc7 38. Ke2 Ne8 39. Rb5 Qd8 40. Rcb2 Qc7 41. Qa8 Qd7 42. Rb7 Nc7 43. Qa7 Rxd3 44. Rxc7 Re3+ 45. Kf2 Rf3+ 46. Kg2 Rxg3+ 47. hxg3 1-0